LEADER 01007nam a2200253 i 4500 001 000000206598 003 CaOOAMICUS 005 20250206155349.0 008 111010s2008 it u000 u ita u 013 $a185370 020 $a978-88-8272-3897 040 $aSeMil$bita 100 1 $aLejeune, Claire.$0(OLS)http://semarc/name/74267 240 13$aLa Vie est un Bonheur.$0(OLS)http://semarc/title/298815 245 13$aLa vita è una sfida /$cClara Lejeune. 260 $a[S.l.] :$bCantagalli,$ccopyr. 2008. 300 $a163 p. ;$c22 cm. 650 4$aLejeune, Jérôme <1926-1994> - Pensiero scientifico [e] filosofico.$0(OLS)http://semarc/subject/38805 850 $aSeMil 852 $aSeMil$W1$xVenegono$y1$m74 15 *$j157067$B157067$CSeMilBibl$Z2$F169056 $81 996 $6020$a978-88-8272-3897$9(OLS)http://semarc/number/200636 996 $6245$aLa vita è una sfida$9(OLS)http://semarc/title/298814 996 $6260$a[S.l.] :$bCantagalli$9(OLS)http://semarc/publisher/46159 LEADER 01090nam a2200253 i 4500 001 000000086794 003 CaOOAMICUS 005 20030630000000.0 008 030630s1960 xx u000 u und u 013 $a59034 040 $aSeMil$bita 100 1 $aLercaro, Giacomo,$c.$0(OLS)http://semarc/name/4774 245 10$aIncontri biblici. 260 $aMilano :$bMassimo,$c1960. 300 $a226 p. 650 4$aBibbia - Introduzioni.$0(OLS)http://semarc/subject/748 700 1 $aBartoletti, Enrico .$0(OLS)http://semarc/name/25431 700 1 $aRinaldi, Giovanni,$c.$0(OLS)http://semarc/name/1752 700 1 $aSaldarini, Giovanni,$c.$0(OLS)http://semarc/name/1347 700 1 $aLyonnet, Stanislas,$c.$0(OLS)http://semarc/name/4647 850 $aSeMil 852 $aSeMil$W1$xVenegono$y1$m76 2 9 *$j50427$B50427$CSeMilBibl$Z2$F54393 $81 996 $6245$aIncontri biblici$9(OLS)http://semarc/title/133005 996 $6260$aMilano :$bMassimo$9(OLS)http://semarc/publisher/30297